000
00291 a2200145 4500
001
112570
041
_a
por
090
_a
LAPTOP LENOVO 01
245
1
0
_a
Laptop Lenovo
250
_a
. ed.
300
_a
1 laptop
040
_a
BR-BrIDEA
_c
BR-BrIDEA
260
_a
[S.l.]
_c
2018
942
_c
DE
999
_c
112570
_d
112570